000 00638nam a2200181 i 4500
001 162592
003 ES-MaACL
005 20250809034611.0
008 011030s1886 be |||| | fre d
100 1 _aPrins, Adolphe.
_993985
245 1 0 _aCriminalité et répression
_b: essai de science penale /
_cpar Adolphe Prins.
260 _aBruxelles :
_bLibrairie Européenne C. Muquardt, Merzbach et Falk,
_c1886 (
_fP. Weissenbruch)
300 _a202 p. ;
_c23 cm.
650 7 _aDerecho penal
_2embne
_911749
752 _aBélgica -
_dBruselas
852 _aES-MaACL
_jD-212
_z- Enc. hol.
_z. - Donativo Lastres
999 _c162592
_d162592